书目信息 |
| 题名: |
Schur凸函数与不等式
|
|
| 作者: | 石焕南, 著 | |
| 分册: | ||
| 出版信息: | 哈尔滨 哈尔滨工业大学出版社 2017 |
|
| 页数: | 778页 | |
| 开本: | 24cm | |
| 丛书名: | 现代数学中的著名定理纵横谈丛书 | |
| 单 册: | ||
| 中图分类: | O174.13 | |
| 科图分类: | ||
| 主题词: | 凸函数--Tu Han Shu | |
| 电子资源: | ||
| ISBN: | 978-7-5603-6493-3 | |
| 000 | 01394nam 2200313 450 | |
| 001 | 012001003700 | |
| 005 | 20131105112617.0 | |
| 010 | @a978-7-5603-6493-3@dCNY188.00 | |
| 099 | @aCAL 012018017813 | |
| 100 | @a20171219d2017 emky0chiy50 ea | |
| 101 | 0 | @achi |
| 102 | @aCN@b230000 | |
| 105 | @ay a 001yy | |
| 106 | @ar | |
| 200 | 1 | @aSchur凸函数与不等式@ASchur Tu Han Shu Yu Bu Deng Shi@d= Schur convex functions and inequalities@f石焕南著@zeng |
| 210 | @a哈尔滨@c哈尔滨工业大学出版社@d2017 | |
| 215 | @a778页@d24cm | |
| 225 | 2 | @a现代数学中的著名定理纵横谈丛书@AXian Dai Shu Xue Zhong De Zhu Ming Ding Li Zong Heng Tan Cong Shu |
| 300 | @a国家出版基金资助项目 | |
| 320 | @a有书目 (第694-744页) 和索引 | |
| 330 | @aSchur凸函数(Schur convex functions)是受控理论(majorization theory)的核心概念,是比熟知的凸函数更为广泛的一类函数,有着广泛的应用。本书主要介绍了Schur定理的基本内容及其新推广(包括Schur几何凸函数、Schur调和凸函数、Schur幂凸函数等),重点介绍了受控理论在解析不等式(包括平均值不等式、积分不等式、序列不等式、对称函数不等式等)方面的应用。 | |
| 333 | @a凸函数学习人员 | |
| 410 | 0 | @12001 @a现代数学中的著名定理纵横谈丛书 |
| 510 | 1 | @aSchur convex functions and inequalities@zeng |
| 606 | 0 | @a凸函数@ATu Han Shu |
| 690 | @aO174.13@v5 | |
| 701 | 0 | @a石焕南,@AShi Huan Na@f1948-@4著 |
| 801 | 0 | @aCN@b上海新华@c20191020 |
| 905 | @b1206322-3@dO174.13@e244@f2 | |
| Schur凸函数与不等式= Schur convex functions and inequalities/石焕南著.-哈尔滨:哈尔滨工业大学出版社,2017 |
| 778页;24cm.-(现代数学中的著名定理纵横谈丛书) |
| 国家出版基金资助项目.-使用对象:凸函数学习人员 |
| ISBN 978-7-5603-6493-3:CNY188.00 |
| Schur凸函数(Schur convex functions)是受控理论(majorization theory)的核心概念,是比熟知的凸函数更为广泛的一类函数,有着广泛的应用。本书主要介绍了Schur定理的基本内容及其新推广(包括Schur几何凸函数、Schur调和凸函数、Schur幂凸函数等),重点介绍了受控理论在解析不等式(包括平均值不等式、积分不等式、序列不等式、对称函数不等式等)方面的应用。 |
| ● |
| 相关链接 |
|
|
|
|
正题名:Schur凸函数与不等式
索取号:O174.13/244
 
预约/预借
| 序号 | 登录号 | 条形码 | 馆藏地/架位号 | 状态 | 备注 |
| 1 | 1206322 | 212063229 | 第二样本阅览室/ [索取号:O174.13/244] | 在馆 | |
| 2 | 1206323 | 212063238 | 第三借阅区/ [索取号:O174.13/244] | 在馆 |